Le situazioni reali nell'esperienza giuridica medievale. Corso di storia del diritto
Αποθηκεύτηκε σε:
| Κύριος συγγραφέας: | |
|---|---|
| Μορφή: | Βιβλίο |
| Γλώσσα: | Ιταλικά |
| Έκδοση: |
Padua
Dott. Antonio Milani
1968
|
| Θέματα: | |
| Ετικέτες: |
Προσθήκη ετικέτας
Δεν υπάρχουν, Καταχωρήστε ετικέτα πρώτοι!
|
MARC
| LEADER | 00000nam a2200000 a 4500 | ||
|---|---|---|---|
| 001 | UCR2912 | ||
| 003 | CL-VaPUC | ||
| 008 | 980116e19680000IT |||||||||||||||||ita|d | ||
| 082 | 0 | 4 | |a 340.09 |b GRO |2 21 |
| 100 | |a Grossi, Paolo |e autore |9 619625 | ||
| 245 | 1 | 3 | |a Le situazioni reali nell'esperienza giuridica medievale. Corso di storia del diritto |
| 300 | |a 220 p | ||
| 942 | |c BK | ||
| 945 | |d 19980116 00:00:00 |a crobeson | ||
| 260 | |a Padua |b Dott. Antonio Milani |c 1968 | ||
| 650 | 0 | |a Historia del derecho |9 255109 | |
| 650 | 0 | |a Derecho medieval |9 314261 | |
| 650 | 0 | |a Derecho romano |9 255930 | |
| 650 | 0 | |a Jurisprudencia |9 255952 | |
| 583 | |a last modification |c 19980116 00:00:00 |k Rodrigo Vera | ||
| 999 | |c 266033 |d 266031 | ||
| 952 | |0 0 |1 0 |4 0 |6 340_090000000000000_GRO_1968 |7 0 |8 DER_HIS |9 297321 |a BIBDER |b BIBDER |d 2019-11-20 |i 1933701 |l 2 |m 1 |o 340.09 GRO 1968 |p 1933701 |r 2025-03-06 |s 2024-12-16 |w 2019-11-20 |x Ubicación 4to Piso |y BK |z Estos recursos deben solicitarse con anticipación |k DER | ||